00867nam a22002411a 4500001000800000005001700008008004100025010001300066020002400079035000300103040001800106043001200124050002300136082002700159100002800186245022500214260004800439300004600487500002000533504002000553650002700573700002500600471972120110718132854.0830330s1983 enka b 001 0 eng  a83131882 a0856682217c£20.00  aDLCcDLCdDLC af-ua---00aTP804.E3bK33 198300aTP 804.E3 K33 19832191 aKaczmarczyk, Alexander.10aAncient Egyptian faience : an analytical survey of Egyptian faience from Predynastic to Roman times /cAlexander Kaczmarczyk & Robert E.M. Hedges ; with a foreword by P.R.S. Moorey and an appendix by P. Vandiver.h[Text] aWarminster, EnglandbAris & Phillipscc1983 a637 p. in various pagings : ill. ; 24 cm. aIncludes index. aIncludes index. 0aFaith movement (Hagin)1 aHedges, Robert E. M.